Pays hôtes de l'UEFA Euro dans chaque édition - Statistiques

Statistiques générales
  • Ce quiz a été pris 589 fois
    205 depuis la dernière actualisation
  • Le résultat moyen est 33 sur 37
Statistiques - réponses
Hint Réponse % Correct
1960 France
100%
1984 France
100%
2016 France
100%
2021 Allemagne
99%
2024 Allemagne
99%
1988 Allemagne de l'Ouest
99%
1964 Espagne
96%
2021 Espagne
96%
1996 Angleterre
95%
2021 Angleterre
95%
2028 Angleterre
95%
1968 Italie
95%
1980 Italie
95%
2021 Italie
95%
2032 Italie
95%
2004 Portugal
95%
2012 Pologne
93%
1992 Suède
93%
2008 Autriche
92%
2000 Pays-Bas
92%
2021 Pays-Bas
92%
2012 Ukraine
92%
2008 Suisse
91%
1972 Belgique
90%
2000 Belgique
90%
2021 Russie
90%
2028 Irlande
88%
2021 Danemark
87%
2021 Hongrie
86%
2021 Ecosse
81%
2028 Ecosse
81%
2021 Roumanie
77%
2028 Pays de Galles
74%
2032 Turquie
74%
2028 Irlande du Nord
69%
1976 Yougoslavie
64%
2021 Azerbaïdjan
32%
Aucun quiz correspondant
Distribution des résultats
% des personnes avec chaque résultat
Percentile par nombre de réponses
Votre historique - résultats
Vous n’avez pas pris ce quiz depuis la dernière actualisation